Catálogo

DIABETES MELLITUS : (Registro nro. 41905)

Detalles MARC
000 -LEADER
fixed length control field 00433nam a2200157 a 4500
001 - CONTROL NUMBER
control field 41905
005 - DATE AND TIME OF LATEST TRANSACTION
control field 20180714020042.0
008 - FIXED-LENGTH DATA ELEMENTS--GENERAL INFORMATION
fixed length control field 140415s1989 mx 000 0 spa d
041 ## - LANGUAGE CODE
Language code of text/sound track or separate title spa
082 ## - DEWEY DECIMAL CLASSIFICATION NUMBER
Classification number 616.462
Item number DIA
245 00 - TITLE STATEMENT
Title DIABETES MELLITUS :
Remainder of title BASES PARA SU TRATAMIENTO
250 ## - EDITION STATEMENT
Edition statement 1a ed.
260 ## - PUBLICATION, DISTRIBUTION, ETC.
Place of publication, distribution, etc. MEXICO :
Name of publisher, distributor, etc. TRILLAS,
Date of publication, distribution, etc. 1989
300 ## - PHYSICAL DESCRIPTION
Extent 93
650 14 - SUBJECT ADDED ENTRY--TOPICAL TERM
Topical term or geographic name entry element DIABETES
General subdivision DIAGNOSTICO
-- DIABETES
-- ENFERMEDADES
Existencias
Withdrawn status Lost status Source of classification or shelving scheme Damaged status Not for loan Collection code Home library Current library Shelving location Date acquired Source of acquisition Inventory number Total Checkouts Full call number Barcode Date last seen Date last checked out Price effective from Koha item type
    Dewey Decimal Classification     General Biblioteca Karol Wojtyla Biblioteca Karol Wojtyla Sala general 03/12/2013 Compra 151000000000000000002241 5 616.462 DIA 6320 05/01/2026 17/11/2021 03/12/2013 Libro